• 首页
  • 本馆介绍
  • 公告通知
  • 最新文献
  • 馆藏检索
  • 电子资源
  • 读者导购
  • 参考咨询
  • 我的图书馆
  • 登录
  • 详细信息显示
  • 放入我的书架
  • 预约/预借图书
  • 作者相关作品
  • 分类相关作品
  • 丛书相关作品
  • 出版社相关作品

书目信息

  • 表格格式
  • 工作单格式
  • 卡片格式
题名:
吉祥剪纸
    
 
作者: 袁升科 主编
分册:   子鼠
出版信息: 郑州   河南美术出版社  2013
页数: 112页
开本: 26cm
丛书名: 十二生肖系列丛书
单 册:
中图分类: J528.1
科图分类:
主题词: 剪纸--作品集--中国--现代 , 剪纸
电子资源:
ISBN: 978-7-5401-2510-3
000 00655nam0 2200241 450
001 006853701
005 20140612095239.40
010    @a978-7-5401-2510-3@dCNY18.00
100    @a20131023d2013 em y0chiy0110 ea
101 0  @achi
102    @aCN@b410000
105    @aa z 000yy
106    @ar
200 1  @a吉祥剪纸@9ji xiang jian zhi@i子鼠@f袁升科主编
210    @a郑州@c河南美术出版社@d2013
215    @a112页@d26cm
225 1  @a十二生肖系列丛书
606 0  @a剪纸@x作品集@y中国@z现代
606 0  @a剪纸
690    @aJ528.1@v5
701  0 @a袁升科@9yuan sheng ke@f(1981~)@4主编
801  0 @aCN@bNLC@c20131129
905    @b548738-40@dJ528.1@e366:1@f3
    
    吉祥剪纸.子鼠/袁升科主编.-郑州:河南美术出版社,2013
    112页;26cm.-(十二生肖系列丛书)
    
    
    ISBN 978-7-5401-2510-3:CNY18.00
    
●
相关链接 在E读中查询图书 在五车中查询图书 在当当中查询图书 在豆瓣中查询图书


正题名:吉祥剪纸     索取号:J528.1/366:1         预约/预借

序号 登录号 条形码 馆藏地/架位号 状态 备注
1 548738   205487383   第一样本阅览室/ [索取号:J528.1/366:1] 在馆    
2 548739   205487392   第一借阅区/ [索取号:J528.1/366:1] 在馆    
3 548740   205487409   密集书库-美术系/ [索取号:J528.1/366:1] 在馆    
唐山师范学院图书馆 欢迎您!
大连网信软件有限公司© 版权所有